Bilancia dusíka u vysokprodukčných dojníc pri kŕmnych dávkach na základe siláže kukurice s prídavkom močoviny

Bibliographic Details
Main Authors: Labuda, Ján, 1915-2010 (Author), Petrányi, Július (Author)
Format: Article
Language:Slovak
PhysicalDescription:Tb. 9.
Subjects:

MARC

LEADER 00000nab a2200000 a 4500
001 vtls000278815
003 SK-MaSNL
005 20260302215828.0
008 111202c1986 xo 0 slo
015 |a SNBRA19rr/mm-uuuuu 
035 |a CL0288933 
040 |a SNKBUCL  |b slo  |c SNKBUCL  |e AACR2 
041 0 |a slo 
044 |a xo  |c SK 
080 |a 636.22/.28.034.085.1:636.087.7  |2 1981 
080 |a 636.087.7  |2 1981 
100 1 |a Labuda, Ján,  |d 1915-2010  |4 aut  |9 170201 
245 1 0 |a Bilancia dusíka u vysokprodukčných dojníc pri kŕmnych dávkach na základe siláže kukurice s prídavkom močoviny  |c Ján Labuda, Július Petrányi 
300 |b Tb. 9. 
650 0 7 |a mliečny dobytok  |2 snkbucl  |9 67365 
650 0 7 |a kukuričná siláž  |2 snkbucl  |9 133036 
655 7 |a články zo zborníkov  |2 snkbucl  |9 166140 
700 1 |a Petrányi, Július  |4 aut  |9 944855 
773 0 |t Nové poznatky v dusíkatej výžive zvierat z hľadiska bielkovinového programu  |d Košice : Dom techniky ČSVTS, 1986  |g S. 54-63 
850 |a Slovenská národná knižnica v Martine  |a MTA001 
852 |a SNK  |b KIS3GCP 
958 |a RK 
992 |a RZB 
999 |c 1504117  |d 1506047